Detalles MARC
| 000 -LÍDER |
| Campo fijo de descripción fija |
02916cam a2200373 i 4500 |
| 001 - NÚMERO DE CONTROL |
| Campo de control |
768714001 |
| 003 - IDENTIFICADOR DEL NÚMERO DE CONTROL |
| Campo de control |
CO-MdFUSB |
| 005 - FECHA Y HORA DE LA ULTIMA TRANSACCIÓN |
| control field |
20220615122324.0 |
| 007 - CAMPO FIJO DE DESCRIPCIÓN FIJA--INFORMACIÓN GENERAL |
| Campo fijo de descripción fija |
ta |
| 008 - ELEMENTOS DE LONGITUD FIJA -- INFORMACIÓN GENERAL |
| Campo fijo de descripción fija -- Información general |
940104t19931993pau b 001 0 eng |
| 020 ## - NÚMERO INTERNACIONAL NORMALIZADO PARA LIBROS |
| Número Internacional Normalizado del libro |
156338079X |
| 040 ## - FUENTE DE CATALOGACIÓN |
| Agencia de catalogación original |
DLC |
| Idioma de catalogación |
eng |
| Agencia que realiza la transcripción |
CO-MdFUSB |
| Agencia que realiza la modificación |
KWW |
| -- |
OrLoB-B |
| -- |
LML |
| Convenciones de la descripción |
rda |
| 041 ## - CÓDIGO DE IDIOMA |
| Código de idioma para texto/pista de sonido o título separado |
eng |
| 082 ## - NÚMERO DE CLASIFICACIÓN DECIMAL DEWEY |
| Número de la edición del Dewey |
23 |
| Número de clasificación |
221.66 |
| Clave de autor-Numero de item |
N532 |
| 245 04 - TÍTULO |
| Título del Material |
The new literary criticism and the Hebrew Bible / |
| Mención de responsabilidad, etc. |
editado por J. Cheryl Exum , David J.A. Clines. |
| 264 #1 - PRODUCCIÓN, PUBLICACIÓN, DISTRIBUCIÓN, MANUFACTURA, Y COPYRIGHT |
| Lugar de producción, publicación, distribución, manufactura |
Valley Forge, Pa. : |
| Nombre del productor, publicador, distribuidor |
Trinity Press International, |
| Fecha de producción, publicación, distribución, manufactura, o copyright |
[1993] |
| 264 #4 - PRODUCCIÓN, PUBLICACIÓN, DISTRIBUCIÓN, MANUFACTURA, Y COPYRIGHT |
| Fecha de producción, publicación, distribución, manufactura, o copyright |
© 1993 |
| 300 ## - DESCRIPCIÓN FÍSICA |
| Extensión |
276 páginas ; |
| Dimensiones |
21 cm. |
| 336 ## - TIPO DE CONTENIDO |
| Término de tipo de contenido |
texto |
| Código de tipo de contenido |
txt |
| Fuente |
rdacontent. |
| 337 ## - TIPO DE MEDIO |
| Nombre del tipo de medio |
sin mediación |
| Código del tipo de medio |
n |
| Fuente |
rdamedia. |
| 338 ## - TIPO DE SOPORTE |
| Nombre del tipo de soporte |
volumen |
| Código Tipo de soporte |
nc |
| Fuente |
rdacarrier. |
| 504 ## - NOTA DE BIBLIOGRAFÍA, ETC. |
| Nota de bibliografía, etc |
Incluye referencias bibliográficas e índices. |
| 505 ## - NOTA DE CONTENIDO |
| Nota de contenido con formato preestablecido |
La nueva crítica literaria / David JA Clines y J. Cheryl Exum -- Bueno hasta la última gota : ver el Sotah (Números 5.11-31) como el vaso medio vacío y preguntarse cómo verlo medio lleno / Alice Bach -- Intertextualidad y el libro de Jeremías: animadversiones sobre texto y teoría / Robert P. Carroll -- Un mundo establecido sobre el agua (Salmo 24): respuesta del lector, deconstrucción e interpretación a medida / David JA Clines -- ¿Quién teme a la antepasada en peligro de extinción? / J. Cheryl Exum -- Un enfoque de respuesta del lector al conflicto profético : el caso de Amos 7.10-17 / Francisco O. García-Treto -- Ruth encuentra un hogar : canon, política, método / David Jobling -- Rastreando la voz del otro : Isaías 28 y la alianza con la muerte / Francis Landy -- Manasés como villano y chivo expiatorio / Stuart Lasine -- ¿Moisés y David : mito y monarquía / Peter D. Miscall -- Maldiciones y reyes : una lectura de 2 Samuel 15-16 / Robert Polzin -- Escritura sobreviviente : la ansiedad de la historiografía en los antiguos profetas / Hugh S. Pyper -- Hijas y padres en Génesis : o ¿qué hay de malo en esta imagen? / Ilona N. Rashkow. |
| 520 1# - NOTA DE RESUMEN, ETC. |
| Nota de sumario, etc. |
Este volumen sumamente original ilustra lo que ha estado sucediendo en las últimas dos décadas en los estudios de la Biblia hebrea bajo la influencia de los avances en la teoría literaria. Los métodos y la práctica de la crítica y la deconstrucción de la respuesta del lector, así como los enfoques feministas, materialistas y psicoanalíticos, están todos representados aquí por destacados críticos literarios internacionales de la Biblia hebrea. Los estudios distintivos y eclécticos de textos particulares introducen a los estudiantes y académicos a nuevas y emocionantes dimensiones del estudio bíblico. |
| 563 ## - NOTA DE ENCUADERNACIÓN |
| Nota de encuadernación |
Rústico |
| 630 07 - TITULO UNIFORME |
| Título uniforme |
Biblia. |
| Nombre de parte o sección de la obra |
Antiguo Testamento |
| 650 #7 - ASIENTO SECUNDARIO DE MATERIA - TERMINO TEMÁTICO |
| 9 (RLIN) |
527 |
| Término temático o nombre geográfico como elemento de entrada |
Crítica literaria |
| 653 ## - TÉRMINO DE INDIZACIÓN - NO CONTROLADO |
| Término no controlado |
Biblia como literatura |
| 700 1# - ASIENTO SECUNDARIO - NOMBRE PERSONAL |
| Nombre personal |
Exum, J. Cheryl. |
| Responsabilidad |
editor |
| 700 1# - ASIENTO SECUNDARIO - NOMBRE PERSONAL |
| Nombre personal |
Clines, David J. A. |
| Responsabilidad |
editor |
| 942 ## - TIPO DE MATERIAL (KOHA) |
| Tipo de Item KOHA |
Libros General |
| 945 ## - INFORMACIÓN LOCAL DEL REGISTRO |
| Catalogador |
JTF-925 |